LEADER 01091nam--2200361---450 001 990003223520203316 005 20201112084259.0 010 $a88-7431-356-X 035 $a000322352 035 $aUSA01000322352 035 $a(ALEPH)000322352USA01 035 $a000322352 100 $a20090421d2006----km-y0itay50------ba 101 $aita 102 $aIT 105 $a||||||||001yy 200 1 $a<> cancelleria del Regno di Sicilia in età angioina$fStefano Palmieri 210 $aNapoli$cAccademia Pontaniana$d2006 215 $a217 p.$d24 cm 225 2 $aQuaderni dell'Accademia Pontaniana$v48 410 0$12001$aQuaderni dell'Accademia Pontaniana$v48 454 1$12001 461 1$1001-------$12001 606 0 $aNapoli $xCancelleria$zSec. 13.-14.$2BNCF 676 $a945.7052 700 1$aPALMIERI,$bStefano$0315971 801 0$aIT$bsalbc$gISBD 912 $a990003223520203316 951 $aX.1.B. 1170$b205639 L.M.$cX.1.$d00207109 959 $aBK 969 $aUMA 996 $aCancelleria del Regno di Sicilia in età angioina$932819 997 $aUNISA LEADER 02221 am 2200565 n 450 001 9910502604203321 005 20211006 010 $a2-85831-395-4 024 7 $a10.4000/books.pressesinalco.42665 035 $a(CKB)4100000012052815 035 $a(FrMaCLE)OB-pressesinalco-42665 035 $a(oapen)https://directory.doabooks.org/handle/20.500.12854/84092 035 $a(PPN)258323310 035 $a(EXLCZ)994100000012052815 100 $a20211020j|||||||| ||| 0 101 0 $afre 135 $auu||||||m|||| 181 $ctxt$2rdacontent 182 $cc$2rdamedia 183 $acr$2rdacarrier 200 13$aLa Diète japonaise $ePour un Parlement qui débatte /$fReiko ?yama 210 $aParis $cPresses de l?Inalco$d2021 215 $a1 online resource (208 p.) 225 1 $aAsieS 311 $a2-85831-394-6 330 $aLa Diète, lieu de débat pour les représentants des citoyens, symbole de la démocratie parlementaire, sert-elle convenablement ces fonctions au Japon ? Cet ouvrage destiné à tout citoyen intéressé par la mécanique sous?jacente et la fabrique du débat public, emmène le lecteur à la rencontre d?une démocratie peu étudiée par la science politique générale : le Japon. Il l?explore sous l?angle hautement symbolique du parlement pour « dé?couvrir » les arcanes de son système politique. Et ses insuffisances? qui donnent relief aux nôtres. 606 $aPolitical Science Public Admin. & Development 606 $aDiète japonaise 606 $aJapon 606 $ainstitutions 606 $aParlement 606 $arégime parlementaire 610 $aDiète japonaise 610 $aJapon 610 $ainstitutions 610 $aParlement 610 $arégime parlementaire 615 4$aPolitical Science Public Admin. & Development 615 4$aDiète japonaise 615 4$aJapon 615 4$ainstitutions 615 4$aParlement 615 4$arégime parlementaire 700 $a?yama$b Reiko$01312366 701 $aDelamotte$b Guibourg$01312367 801 0$bFR-FrMaCLE 906 $aBOOK 912 $a9910502604203321 996 $aLa Diète japonaise$93030845 997 $aUNINA LEADER 01441nas 22004213a 450 001 996211121703316 005 20240413023044.0 035 $a(CKB)110978978956242 035 $a(CONSER)sn-87007724- 035 $a(EXLCZ)99110978978956242 100 $a19871201a19889999 --- a 101 0 $aeng 181 $ctxt$2rdacontent 182 $cc$2rdamedia 183 $acr$2rdacarrier 200 00$aAdvanced coatings & surface technology 210 $a[Englewood, NJ $cTechnical Insights, Inc.$dc1988]- 215 $a1 online resource 300 $aTitle from caption. 300 $aIssues for have title: Advanced coatings & surface technology. 300 $a"A monthly intelligence service from Technical Insights, Inc." 300 $aRefereed/Peer-reviewed 311 08$aPrint version: Advanced coatings & surface technology. 0896-422X (DLC)sn-87007724- (OCoLC)17156963 517 1 $aAdvanced coatings and surface technology 531 $aADVANCED COATINGS AND SURFACE TECHNOLOGY 531 0 $aAdv. coat. surf. technol. 606 $aPaint$vPeriodicals 606 $aVarnish and varnishing$vPeriodicals 606 $aCoatings$vPeriodicals 615 0$aPaint 615 0$aVarnish and varnishing 615 0$aCoatings 676 $a667 906 $aJOURNAL 912 $a996211121703316 920 $aexl_impl conversion 996 $aAdvanced coatings & surface technology$92335895 997 $aUNISA